| 000 | 00753nam a22002057a 4500 | ||
|---|---|---|---|
| 005 | 20100724124234.0 | ||
| 010 | _aENG-96556 | ||
| 020 |
_a9788189937591 _c650.00 |
||
| 035 | _aEN-80089 | ||
| 037 | _bDBAD/PUB | ||
| 082 | _a345.08 | ||
| 100 |
_aParmar, T. C. _91221 |
||
| 245 |
_aDelinquency among children: _bwith special reference to the juvenile court / _cby T. C. Parmar |
||
| 260 |
_aNew Delhi _bArise Publishers and Distributors _c2008 |
||
| 270 |
_a4648/1, 21, Ansari Road, Darya Ganj, New Delhi-110002 _bNew Delhi |
||
| 300 |
_a256p. _c23cm (Hb) |
||
| 500 | _aInclude index | ||
| 942 |
_2ddc _cEN _mPAR _h345.08 |
||
| 999 |
_c37538 _d37538 |
||